| 000 | 01108ntaaa2200301 4500 | ||
|---|---|---|---|
| 003 | 01 | ||
| 005 | 20251027203230.0 | ||
| 008 | 0714s1973 ag 01 | ||
| 020 | _a9879327616 | ||
| 040 |
_aAR-BaBN _bspa _cAR-BaBN _eaacr _dRIC |
||
| 082 | _a372.218 M52 | ||
| 110 | _aGobierno de la Cuidad Autónoma de Buenos Aires | ||
| 245 |
_aDiseño Curricular para la Educación Inicial : _bMarcos Genral / _cGobierno de la Cuidad Autónoma de Buenos Aires, dirigido por Silvia Mendoza |
||
| 250 | _a1ª ed. | ||
| 260 |
_aBuenos Aires : _bGobierno de la Cuidad Autónoma de Buenos Aires, _c2000 |
||
| 505 | _tLa educación inicial en la Cuidad de Buenos Aires | ||
| 505 | _tPrópositos de la educación inicial | ||
| 505 | _tLa escuela para niños de 45 días a 5 años | ||
| 505 | _tEnfoque didáctico | ||
| 650 | _aCURRICULA | ||
| 650 |
_aEDUCACION INICIAL _925821 |
||
| 700 |
_aMendoza, Silvia _edirector |
||
| 710 | _aSecretaria de Ecucación | ||
| 710 | _aSubsecretaría de Educación | ||
| 710 |
_aDirección Genral de Planeamiento _934592 |
||
| 710 | _aDirección de Currícula | ||
| 942 | _cBK | ||
| 999 |
_c27769 _d27769 |
||